| Tag |
First Indicator |
Second Indicator |
Subfields |
| LEADER |
00000cam a2200000 i 4500 |
| 001 |
in00005638708 |
| 006 |
m o d |
| 007 |
cr |n||||||||a |
| 008 |
090110s1920 nyu o 000 0 eng d |
| 005 |
20250331202602.4 |
| 035 |
|
|
|a (OCoLC)ocn593566580
|
| 040 |
|
|
|a ALSTP
|b eng
|e pn
|c ALSTP
|d OCLCQ
|d RRP
|d OCLCF
|d OCLCO
|d OCLCQ
|d OCLCA
|d OCLCO
|d OCLCL
|d SXB
|d OCLCQ
|d OCLCO
|d OCLCQ
|
| 019 |
|
|
|a 1126508578
|a 1131985186
|a 1136172089
|a 1144444373
|
| 035 |
|
|
|a (OCoLC)593566580
|z (OCoLC)1126508578
|z (OCoLC)1131985186
|z (OCoLC)1136172089
|z (OCoLC)1144444373
|
| 043 |
|
|
|a n-us---
|
| 050 |
|
4 |
|a E185
|
| 049 |
|
|
|a TXAM
|
| 100 |
1 |
|
|a Randolph, A. Philip
|q (Asa Philip),
|d 1889-1979.
|1 https://id.oclc.org/worldcat/entity/E39PBJmdpCXwFhKkp688qMCmh3
|
| 245 |
1 |
4 |
|a The new Negro :
|b what is he? /
|c by A Philip Randolph.
|
| 250 |
|
|
|a [1st electronic ed.].
|
| 260 |
|
|
|a New York, NY :
|b Messenger Pub. Co.,
|c 1920.
|
| 300 |
|
|
|a 1 online resource.
|
| 336 |
|
|
|a text
|b txt
|2 rdacontent
|
| 337 |
|
|
|a computer
|b c
|2 rdamedia
|
| 338 |
|
|
|a online resource
|b cr
|2 rdacarrier
|
| 490 |
1 |
|
|a Messenger ;
|v August 1920:7-9
|
| 650 |
|
0 |
|a African Americans
|x Intellectual life.
|
| 651 |
|
0 |
|a United States
|x Civilization
|x African American influences.
|
| 650 |
|
6 |
|a Noirs américains
|x Vie intellectuelle.
|
| 651 |
|
6 |
|a États-Unis
|x Civilisation
|x Influence noire américaine.
|
| 650 |
|
7 |
|a African Americans
|x Intellectual life
|2 fast
|
| 650 |
|
7 |
|a Civilization
|x African American influences
|2 fast
|
| 651 |
|
7 |
|a United States
|2 fast
|1 https://id.oclc.org/worldcat/entity/E39PBJtxgQXMWqmjMjjwXRHgrq
|
| 655 |
|
7 |
|a Electronic books.
|2 local
|
| 710 |
2 |
|
|a Alexander Street (Firm)
|
| 830 |
|
0 |
|a Messenger (Online). ;
|v August 1920:7-9.
|
| 830 |
|
0 |
|a Black thought and culture.
|
| 856 |
4 |
0 |
|u http://proxy.library.tamu.edu/login?url=https://www.aspresolver.com/aspresolver.asp?BLTC;S12159
|z Connect to the full text of this electronic book
|t 0
|
| 936 |
|
|
|a BATCHLOAD
|
| 955 |
|
|
|a Alexander Street - Black Thought and Culture
|
| 994 |
|
|
|a 92
|b TXA
|
| 999 |
f |
f |
|s c53a7227-7d6c-4180-996e-17431210088f
|i d174e56a-9ff8-493d-94df-bbfa4e10f42b
|t 0
|
| 952 |
f |
f |
|a Texas A&M University
|b College Station
|c Electronic Resources
|d Available Online
|t 0
|e E185
|h Library of Congress classification
|
| 998 |
f |
f |
|a E185
|t 0
|l Available Online
|